000 00634nam a2200253Ia 4500
008 210210b2016 xxu||||| |||| 00| 0 eng d
020 _a9789351507475
041 _aeng
082 _a355.02184 KUMP
100 _aKUMAR (Kuldeep)
245 _aPolice and counter insurgency: the untold story of Tripuras coin campaign
260 _aLos Angeles
_bSage Publications
_c2016
300 _axI344
650 _auntold
650 _atripuras
650 _astory
650 _aPolice
650 _ainsurgency:
650 _acounter
650 _acoin
650 _acampaign
690 _aMilitary Science
906 _a071836
999 _c121684
_d121684